00593 a2200169 4500008004100000010001400041020001100055035001300066037001800079082000800097100002400105245006300129250001200192260004300204270015200247300002400399090219t xxu||||| |||| 00| 0 eng d aENG-85177 c325.00 aEN-68710 bD.B.Act / Pub a658 aCherunilam, Francis aInternational business environmentcby Francis Cherunilam a3rd ed. aDelhibHimalaya Publishing Housec2007 aPooja Apartment, 4-B, Murari Lal Street, Ansari Road, Darya GanjbNew Delhie110 002k011-23270392,l011-23243030, 011-23256286mhimpub@vsnl.net.in a532p.b24 cm (Pbk.)